<?xml version="1.0" encoding="UTF-8"?>
<record
    xmlns:xsi="http://www.w3.org/2001/XMLSchema-instance"
    xsi:schemaLocation="http://www.loc.gov/MARC21/slim http://www.loc.gov/standards/marcxml/schema/MARC21slim.xsd"
    xmlns="http://www.loc.gov/MARC21/slim">

  <leader>01072nam a2200205 i 4500</leader>
  <controlfield tag="001">87902</controlfield>
  <controlfield tag="003">ES-MaACL</controlfield>
  <controlfield tag="005">20250901110114.0</controlfield>
  <controlfield tag="007">t|</controlfield>
  <controlfield tag="008">041228s1958    sp           ||||1| spa d</controlfield>
  <datafield tag="100" ind1="1" ind2=" ">
    <subfield code="a">Lacour-Gayet, Jacques.</subfield>
    <subfield code="9">69401</subfield>
  </datafield>
  <datafield tag="245" ind1="1" ind2="0">
    <subfield code="a">Historia del comercio / </subfield>
    <subfield code="c">Jacques Lacour-Gayet ; [traducci&#xF3;n castellana de Jes&#xFA;s Garc&#xED;a Tols&#xE1;].</subfield>
  </datafield>
  <datafield tag="260" ind1=" " ind2=" ">
    <subfield code="a">Barcelona : </subfield>
    <subfield code="b">Vergara, </subfield>
    <subfield code="c">[1958] (</subfield>
    <subfield code="f">Fidel Rodr&#xED;guez)</subfield>
  </datafield>
  <datafield tag="300" ind1=" " ind2=" ">
    <subfield code="a">3 v. : </subfield>
    <subfield code="b">il. ; </subfield>
    <subfield code="c">28 cm.</subfield>
  </datafield>
  <datafield tag="505" ind1="8" ind2=" ">
    <subfield code="a">Contiene: I. Jacques Lacour-Gayet: Introducci&#xF3;n. Andr&#xE9; Journaux: La Geograf&#xED;a y el comercio. Pierre Benaerts: Los hombres... XVI + 618 p&#xE1;g. -- II. Marguerite Boulet: El comercio Medieval europeo. Henri Labouret: La permuta y el comercio en los archipi&#xE9;lagos del Pac&#xED;fico y en Africa tropical... 733 p&#xE1;g. -- III. Jean Canu: El Nuevo Mundo y el oro espa&#xF1;ol. Claude-Joseph Gignoux: Epoca mercantilista.- 966 p&#xE1;g</subfield>
  </datafield>
  <datafield tag="650" ind1="0" ind2="4">
    <subfield code="a">Comercio-</subfield>
    <subfield code="v">Historia</subfield>
    <subfield code="9">11160</subfield>
  </datafield>
  <datafield tag="700" ind1="1" ind2=" ">
    <subfield code="a">Garc&#xED;a Tols&#xE1;, Jes&#xFA;s</subfield>
    <subfield code="9">55332</subfield>
  </datafield>
  <datafield tag="852" ind1=" " ind2=" ">
    <subfield code="a">ES-MaACL</subfield>
    <subfield code="j">C-15651-3 </subfield>
    <subfield code="b">R.42624</subfield>
  </datafield>
  <datafield tag="999" ind1=" " ind2=" ">
    <subfield code="c">87902</subfield>
    <subfield code="d">87902</subfield>
  </datafield>
  <datafield tag="952" ind1=" " ind2=" ">
    <subfield code="0">0</subfield>
    <subfield code="1">0</subfield>
    <subfield code="4">0</subfield>
    <subfield code="7">0</subfield>
    <subfield code="a">ATENEOM</subfield>
    <subfield code="b">ATENEOM</subfield>
    <subfield code="c">FICH</subfield>
    <subfield code="d">2008-01-17</subfield>
    <subfield code="e">SC</subfield>
    <subfield code="l">0</subfield>
    <subfield code="o">C-15651-3</subfield>
    <subfield code="p">1091826</subfield>
    <subfield code="r">2023-02-23 00:00:00</subfield>
    <subfield code="w">2023-02-23</subfield>
    <subfield code="y">MONOGRAFIA</subfield>
  </datafield>
</record>
